| 000 | 00531nam a22002057a 4500 | ||
|---|---|---|---|
| 003 | OSt | ||
| 005 | 20220523033927.0 | ||
| 008 | 160129b xxu||||| |||| 00| 0 eng d | ||
| 020 | _a9789380179810 | ||
| 040 |
_aMMU _cMMU _dMMU _beng |
||
| 050 | _aZA 4082 .A234 2010 | ||
| 100 | _aAadhavan Omesh | ||
| 245 | _aDevelopment of Digital Library/ | ||
| 260 |
_aIndia : _bOxford, _c2010. |
||
| 300 | _av, 275 p. : | ||
| 500 | _aIncludes index | ||
| 500 | _aIncludes index | ||
| 650 | _adigital library. | ||
| 942 |
_2lcc _cLOAN LOAN |
||
| 999 |
_c14651 _d14651 |
||